Pays du monde: faits insolites #2 - Statistiques

Statistiques générales
  • Ce quiz a été pris 42 fois
  • Le résultat moyen est 5 sur 10
Statistiques - réponses
Question Réponse % Correct
Ce pays a la plus grande forêt tropicale Brésil
76%
Ce pays n’a aucune rivière permanente Arabie saoudite
74%
Ce pays a le plus grand nombre de fuseaux horaires au monde France
63%
Ce pays consomme le plus de chocolat par habitant Suisse
55%
Ce pays produit le plus de café au monde Brésil
53%
Ce pays a le plus de lacs au monde Canada
47%
Ce pays possède le plus grand désert chaud du monde Algérie
34%
Dans ce pays, il n’y a qu’une seule ville officielle Singapour
32%
Ce pays possède le plus grand réseau ferroviaire à grande vitesse Chine
18%
Ce pays est le seul à être situé sur 2 continents (Europe et Asie) avec la plus grande superficie Kazakhstan
5%
Aucun quiz correspondant
Distribution des résultats
% des personnes avec chaque résultat
Percentile par nombre de réponses
Votre historique - résultats
Vous n’avez pas pris ce quiz